Najbiedniejsze powiaty Polski. - Statystyki

Ogólne statystyki
  • Ten quiz został rozwiązany 50 razy
  • Średni wynik to 6 z 10
Statystyki odpowiedzi
Nr. Województwo Odpowiedź % Poprawnych
3 Lubelskie Hrubieszowski
74%
1 Podlaskie Moniecki
74%
6 Opolskie Opolski
72%
2 Lubelskie Chełmski
65%
5 Podlaskie Kolneński
59%
4 Podkarpackie Lubaczowski
59%
7 Małopolskie Dąbrowski
57%
10 Podkarpackie Przemyski
54%
8 Lubelskie Tomaszowski
54%
9 Mazowieckie Przysuski
50%
Nie znaleziono quizów pasujących do podanych kryteriów
Rozkład punktacji
Procent ludzi z każdym wynikiem
Percentyl według liczby udzielonych odpowiedzi
Twoja historia wyników
Nie rozwiązałeś tego quizu